Top Grossing Films By Year (1980s) Quiz Stats

 Plays Quiz Updated Feb 17, 2020

Support Sporcle.
Go Orange.
Score 0/100 Timer 15:00
2 Plays Today
Year Movie % Correct
1982E.T.: The Extra-Terrestrial
73.5%
1984Indiana Jones and the Temple of Doom
72.7%
1983Return of the Jedi
71.3%
1989Indiana Jones and the Last Crusade
71%
1980The Empire Strikes Back
70.7%
1986Top Gun
62.8%
1989Back to the Future Part II
60.7%
1985Back to the Future
60.7%
1981Raiders of the Lost Ark
57.6%
1985Rocky IV
56.8%
1982Rocky III
56.7%
1989Batman
54.8%
1989Ghostbusters II
54.8%
1984Ghostbusters
54.8%
1987Beverly Hills Cop II
48.7%
1984Beverly Hills Cop
48.7%
1985Rambo: First Blood Part II
47.5%
1988Big
45.7%
1988Die Hard
44.6%
1986Platoon
44.4%
1988Rain Man
42.8%
1986Aliens
42.5%
1981Superman II
42.1%
1989Lethal Weapon 2
40.8%
1987Lethal Weapon
40.8%
1983Risky Business
37.7%
1985The Goonies
35.6%
1982Star Trek II: The Wrath of Khan
35.1%
1986Ferris Bueller's Day Off
35%
1986Star Trek IV: The Voyage Home
35%
1984Star Trek III: The Search for Spock
35%
1983Terms of Endearment
32.2%
1984Gremlins
31.7%
1985Out of Africa
31%
Year Movie % Correct
1982Tootsie
31%
1988Cocktail
29.4%
1983Trading Places
29.2%
1980The Blues Brothers
28.2%
1988Coming to America
27.8%
1981Chariots of Fire
27.6%
1984Splash
27.2%
198248 HRS
27.1%
1989Driving Miss Daisy
26.9%
1980Airplane!
26.5%
1984Footloose
26.4%
1987Fatal Attraction
26.1%
1988Crocodile Dundee II
25.2%
1986Crocodile Dundee
25.2%
1985The Color Purple
25.2%
1988Twins
24.3%
1988Who Framed Roger Rabbit
24.3%
1986The Karate Kid Part II
23.8%
1984The Karate Kid
23.8%
1984Police Academy
23.3%
1983Flashdance
23.2%
1984Romancing the Stone
22.8%
1981Stripes
22.7%
1985Witness
22.6%
1982Poltergeist
22.5%
1987Three Men and a Baby
22%
1981On Golden Pond
21.8%
1982An Officer and a Gentleman
21.8%
1987Good Morning, Vietnam
21.8%
1988Beetlejuice
21.7%
1983Octopussy
21.4%
1988The Naked Gun: From the Files of Police Squad
20.9%
1987Moonstruck
20.8%
1987The Untouchables
19.6%
Year Movie % Correct
1985Cocoon
19.5%
1982Porky's
18.9%
1989Look Who's Talking
18.7%
19809 to 5
18.6%
1980Smokey and The Bandit II
18.5%
1989Honey, I Shrunk the Kids
18.3%
1989Dead Poets Society
18.2%
1985The Jewel of the Nile
17%
1981For Your Eyes Only
16.7%
1986The Golden Child
16.7%
1983WarGames
16.5%
1981Arthur
16.1%
1982Annie
14.9%
1987The Witches of Eastwick
14.6%
1983Sudden Impact
14.1%
1980Private Benjamin
13.9%
1981The Cannonball Run
13.9%
1983Mr. Mom
13.4%
1980Stir Crazy
13.3%
1989Parenthood
13.3%
1985Spies Like Us
13.2%
1983Staying Alive
12.5%
1980Coal Miner's Daughter
11.8%
1980The Blue Lagoon
11.3%
1986Back to School
11.3%
1980Any Which Way You Can
11.1%
1982The Best Little Whorehouse in Texas
10.9%
1987The Secret of My Success
10.8%
1987Stakeout
10.4%
1981Time Bandits
10%
1986Ruthless People
9.9%
1981The Four Seasons
7.4%

You're not logged in!

Compare scores with friends on all Sporcle quizzes.
OR
Log In

From the Vault

Pros and Cons

by LTH

It's important to assess all aspects of a decision as you make it.
Remove Ads.
Support Sporcle.
Get the best of Sporcle when you Go Orange. This ad-free experience offers more features, more stats, and more fun while also helping to support Sporcle. Thank you for becoming a member.

Show Comments

Extras

Top Quizzes Today


Score Distribution

Your Account Isn't Verified!

In order to create a playlist on Sporcle, you need to verify the email address you used during registration. Go to your Sporcle Settings to finish the process.

Report this User

Report this user for behavior that violates our Community Guidelines.

Details: